Lenguaje y realidad en Adam Schaff

שמור ב:
מידע ביבליוגרפי
מחבר ראשי: Muñoz Barquero, Elizabeth
פורמט: ספר
שפה:Undetermined
יצא לאור: San José, Costa Rica Escuela de Filosofía, Universidad de Costa Rica 1978
נושאים:
תגים: הוספת תג
אין תגיות, היה/י הראשונ/ה לתייג את הרשומה!

MARC

LEADER 00000nam a2200000Ia 4500
008 170316s9999 xx 000 0 und d
040 |a cru BVZT 
090 |a TESIS 255 
100 |a Muñoz Barquero, Elizabeth 
245 |a Lenguaje y realidad en Adam Schaff 
260 |a San José, Costa Rica 
260 |b Escuela de Filosofía, Universidad de Costa Rica 
260 |c 1978 
300 |a 148 páginas 
650 |a TRABAJO FINAL DE GRADUACIÓN 
650 |a LICENCIATURA EN FILOSOFÍA 
650 |a ADAM SCHAFF 
999 |c 13872  |d 13872 
942 |c TFG  |h TESIS 255  |2 z